[Event "Tsaghkadzor op"]
[Site "Tsaghkadzor"]
[Date "2023.09.22"]
[Round "4"]
[White "Aleksandrov, Aleksej"]
[Black "Grigoryan, Aram"]
[Result "1-0"]
[WhiteElo "2450"]
[BlackElo "1956"]
[PlyCount "89"]
[EventDate "2023.09.20"]
[EventType "swiss"]
[EventRounds "9"]
[EventCountry "ARM"]
[SourceTitle "EXT 2024"]
[Source "ChessBase"]
[SourceDate "2023.10.10"]
[SourceVersion "1"]
[SourceVersionDate "2023.10.10"]
[SourceQuality "1"]

1. d4 d5 2. c4 e6 3. Nc3 Be7 4. Bf4 Nf6 5. e3 0-0 6. Nf3 b6 7. cxd5 Nxd5 8. Nxd5 Qxd5 9. Bd3 Ba6 10. 0-0 c5 11. e4 Qb7 12. d5 exd5 13. exd5 Rd8 14. Re1 Bxd3 15. Qxd3 Bf6 16. Rad1 Nd7 17. b3 Nf8 18. Be5 Nd7 19. Bxf6 Nxf6 20. d6 Re8 21. Rxe8+ Rxe8 22. d7 Rd8 23. Ne5 Qc7 24. Qf5 h5 25. h3 h4 26. Rd3 Kf8 27. g4 hxg3 28. Rxg3 Rxd7 29. Nxd7+ Qxd7 30. Qxd7 Nxd7 31. Kf1 g6 32. Re3 Nf6 33. Ke1 Nd5 34. Rd3 Nb4 35. Rd7 Nxa2 36. Kd2 Nb4 37. Rxa7 Ke8 38. Rb7 Nd5 39. h4 f5 40. Kd3 Nf4+ 41. Kc4 Nh3 42. Rxb6 Kf7 43. Kxc5 Nxf2 44. Kd4 Ng4 45. b4 1-0

[Event "St Petersburg Rapid 2023"]
[Site "St Petersburg"]
[Date "2023.08.27"]
[Round "11"]
[White "Aleksandrov, Aleksej"]
[Black "Turov, Maxim"]
[Result "1/2-1/2"]
[WhiteElo "2458"]
[BlackElo "2552"]
[PlyCount "69"]
[EventDate "2023.08.26"]
[EventType "swiss (rapid)"]
[EventRounds "11"]
[EventCountry "RUS"]
[SourceTitle "EXT 2024"]
[Source "ChessBase"]
[SourceDate "2023.10.10"]
[SourceVersion "1"]
[SourceVersionDate "2023.10.10"]
[SourceQuality "1"]

1. Nf3 Nf6 2. e3 g6 3. b4 Bg7 4. Bb2 d6 5. d4 e5 6. c4 0-0 7. Nc3 exd4 8. Nxd4 c5 9. bxc5 dxc5 10. Nb3 Ne4 11. Qc1 Nxc3 12. Bxc3 b6 13. Qb2 Bxc3+ 14. Qxc3 Bb7 15. h4 Nd7 16. Rb1 Rc8 17. h5 Qf6 18. Qxf6 Nxf6 19. hxg6 hxg6 20. f3 Rfd8 21. Be2 Nd7 22. Kf2 Ne5 23. Rh4 Nd3+ 24. Kg3 Nb4 25. Rb2 Bc6 26. Nc1 Ba4 27. Kf2 Rd6 28. a3 Nc6 29. Na2 Ne5 30. Nc3 Bc6 31. Nb5 Bxb5 32. cxb5 Nd3+ 33. Bxd3 Rxd3 34. Ra4 Rc7 35. Ke2 1/2-1/2

[Event "St Petersburg Rapid 2023"]
[Site "St Petersburg"]
[Date "2023.08.27"]
[Round "8"]
[White "Lysyj, Igor"]
[Black "Aleksandrov, Aleksej"]
[Result "1-0"]
[WhiteElo "2589"]
[BlackElo "2458"]
[PlyCount "70"]
[EventDate "2023.08.26"]
[EventType "swiss (rapid)"]
[EventRounds "11"]
[EventCountry "RUS"]
[SourceTitle "EXT 2024"]
[Source "ChessBase"]
[SourceDate "2023.10.10"]
[SourceVersion "1"]
[SourceVersionDate "2023.10.10"]
[SourceQuality "1"]

1. d4 d5 2. c4 e6 3. Nf3 Nf6 4. g3 Bb4+ 5. Bd2 a5 6. Bg2 dxc4 7. a3 Be7 8. Qa4+ Bd7 9. Qxc4 Bc6 10. 0-0 0-0 11. Nc3 Ne4 12. Bf4 Nxc3 13. Qxc3 Nd7 14. Nd2 Nb8 15. e4 Bf6 16. Be3 Nd7 17. Rfc1 a4 18. e5 Bxg2 19. Kxg2 Be7 20. Qxc7 Nb6 21. Qxd8 Bxd8 22. Ne4 Nd5 23. Nc3 Ne7 24. Rab1 h5 25. b3 axb3 26. Rxb3 b6 27. Kf3 Nf5 28. Nb5 f6 29. exf6 Bxf6 30. Ke4 Ra4 31. Rb4 Rxb4 32. axb4 Rd8 33. Rc6 Rd5 34. Nc3 Rd6 35. b5 Kf7 1-0